Central Library OPAC University of Rajshahi

Astrophysics today / (Record no. 52310)

MARC details
000 -LEADER
fixed length control field 00868nam a2200265 a 4500
001 - CONTROL NUMBER
control field 52310
003 - CONTROL NUMBER IDENTIFIER
rucl marc code BD-RjUL
005 - DATE AND TIME OF LATEST TRANSACTION
control field 20211209075802.0
008 - FIXED-LENGTH DATA ELEMENTS--GENERAL INFORMATION
fixed length control field 160919s1984 nyua b 000 0 eng
020 ## - INTERNATIONAL STANDARD BOOK NUMBER
International Standard Book Number 088318446X (pbk.)
035 ## - SYSTEM CONTROL NUMBER
System control number (BD-RjUL)52430
040 ## - CATALOGING SOURCE
Original cataloging agency DLC
Transcribing agency DLC
Modifying agency DLC
-- BD-RjUL
Language of cataloging eng
041 ## - LANGUAGE CODE
Language code of text/sound track or separate title eng
082 00 - DEWEY DECIMAL CLASSIFICATION NUMBER
Classification number 523.01
Edition number 23
Author mark and year AST 1984
245 00 - TITLE STATEMENT
Title Astrophysics today /
Statement of responsibility, etc. A.G.W. Cameron, editor.
260 ## - PUBLICATION, DISTRIBUTION, ETC. (IMPRINT)
Place of publication, distribution, etc. New York, N.Y. :
Name of publisher, distributor, etc. American Institute of Physics,
Date of publication, distribution, etc. c1984.
300 ## - PHYSICAL DESCRIPTION
Pagination x, 337 p. :
Illustrations ill. ;
Size 29 cm.
500 ## - GENERAL NOTE
General note "Pub. no. R-315"--T.p. verso.
650 #0 - SUBJECT ADDED ENTRY--TOPICAL TERM
Topical term or geographic name as entry element Astrophysics.
9 (RLIN) 156188
700 1# - ADDED ENTRY--PERSONAL NAME
Personal name Cameron, A. G. W., editor
Fuller form of name (Alastair Graham Walter),
Dates associated with a name 1925-
830 ## - SERIES ADDED ENTRY--UNIFORM TITLE
Uniform title Readings from Physics today ;
Volume number/sequential designation no. 1
942 ## - ADDED ENTRY ELEMENTS (KOHA)
Source of classification or shelving scheme Dewey Decimal Classification
Koha item type Books
Holdings
Lost status Source of classification or shelving scheme Damaged status Not for loan Collection code Permanent Location Current Location Shelving location Date acquired Total Checkouts Full call number Date last seen Copy number Koha item type
  Dewey Decimal Classification     Non-fiction Central Library, University of Rajshahi Central Library, University of Rajshahi   09/07/1995   523.01 AST 1984 18/09/2016 C-2 Books
  Dewey Decimal Classification     Non-fiction Central Library, University of Rajshahi Central Library, University of Rajshahi   09/07/1995   523.01 AST 1984 18/09/2016 C-3 Books